00718nam a2200181Ia 4500008004100000020001600041082001500057100001600072245009600088260003300184300001000217505002600227650002700253700005500280952009200335952009200427999001700519120622s9999 xx 000 0 und d a14050-02972 a428 A512sa aJones, Ceri aAmerican inside out : student's book : advanced / Ceri, Jones & Tania Bastow with John Hird aOxford : Macmillan Education a86 p. aejercicios y glosario aINGLÉS - ENSEÑANZA aI. Bastow, Tania, coaut. II. Hird, Jon, coaut.Ì 00104070a01b01d2007-06-01l0o428 A512SAp01 011028r2012-06-24t1w2012-06-24yLB 00104070a01b01d2007-06-01l0o428 A512SAp01 011029r2012-06-24t2w2012-06-24yLB c60346d60346